[Event "SV Bottrop 1 - SV Bönen 1"]
[Site "Verbandsliga, Gruppe 1 2017/2"]
[Date "2017.10.08"]
[Round "2.3"]
[White "Fuest, Torsten"]
[Black "Mohrholz, Uwe"]
[Result "0-1"]
[WhiteElo "1888"]
[BlackElo "2018"]
[PlyCount "52"]
[EventDate "2017.??.??"]

1. d4 Nf6 2. Bf4 b6 3. e3 Bb7 4. Nd2 d6 5. h3 Nbd7 6. Ngf3 g6 7. Bd3 Bg7 8. O-O
O-O 9. c3 e5 10. dxe5 dxe5 11. Bxe5 Nxe5 12. Nxe5 Nh5 13. Ndf3 Qe7 14. Nc4 Rad8
15. Qc2 Bxf3 16. gxf3 Qd7 17. Rfd1 Qxh3 18. Be2 Rde8 19. f4 Re7 20. Rd2 Rfe8
21. Rad1 Nf6 22. Ne5 Rxe5 23. fxe5 Rxe5 24. Rd8+ Bf8 25. f3 Rg5+ 26. Kf2 Qg3+
0-1

[Event "SV Bottrop 1 - SV Bönen 1"]
[Site "Verbandsliga, Gruppe 1 2017/2"]
[Date "2017.10.08"]
[Round "2.4"]
[White "Nowak, Steven"]
[Black "Merz, Martin"]
[Result "0-1"]
[WhiteElo "1978"]
[BlackElo "1979"]
[PlyCount "74"]
[EventDate "2017.??.??"]

1. c4 Nf6 2. Nc3 e6 3. g3 d5 4. cxd5 exd5 5. Bg2 c6 6. d3 Be7 7. Nf3 O-O 8. O-O
h6 9. Qc2 Na6 10. h3 d4 11. Ne4 Nb4 12. Qd1 c5 13. Bd2 Qb6 14. Ne5 Nxe4 15.
dxe4 Be6 16. f4 f6 17. Ng6 Rfe8 18. Nxe7+ Rxe7 19. b3 Rd8 20. Kh2 Red7 21. f5
Bf7 22. Bf4 Qa6 23. Qd2 Nc6 24. g4 Ne5 25. Bxe5 fxe5 26. h4 b5 27. g5 hxg5 28.
hxg5 c4 29. g6 Be8 30. Qg5 Qf6 31. Qxf6 gxf6 32. Kg3 d3 33. bxc4 d2 34. Rad1
bxc4 35. Rh1 c3 36. Rh6 Rg7 37. Rdh1 Kf8 0-1

[Event "SV Bottrop 1 - SV Bönen 1"]
[Site "Verbandsliga, Gruppe 1 2017/2"]
[Date "2017.10.08"]
[Round "2.5"]
[White "Schoetz, Hans-Joachim"]
[Black "Masberg, Stefan"]
[Result "0-1"]
[WhiteElo "1914"]
[BlackElo "1938"]
[PlyCount "80"]
[EventDate "2017.??.??"]

1. e4 e5 2. Nf3 Nc6 3. Bc4 Bc5 4. c3 Nf6 5. d3 d6 6. h3 h6 7. O-O O-O 8. b4 Bb6
9. a4 a5 10. b5 Ne7 11. Qe2 Ng6 12. d4 exd4 13. cxd4 d5 14. e5 dxc4 15. exf6
Qxf6 16. Nc3 Rd8 17. Be3 Bf5 18. Qxc4 Bxh3 19. Ne4 Qe6 20. Qxe6 Bxe6 21. Rac1
Bd5 22. Nfd2 f5 23. Nc3 f4 24. Nxd5 Rxd5 25. Nc4 fxe3 26. fxe3 Re8 27. Rf2 Nf8
28. Nxb6 cxb6 29. Rc7 Nd7 30. Rf3 Rf8 31. Rg3 g5 32. Rxb7 Kf7 33. Rg4 Re8 34.
Kf2 Kg6 35. Rg3 Re6 36. Rc7 h5 37. Rf3 Rdd6 38. Rc8 Nf6 39. Rc7 g4 40. Rxf6+
Kxf6 0-1

[Event "SV Bottrop 1 - SV Bönen 1"]
[Site "Verbandsliga, Gruppe 1 2017/2"]
[Date "2017.10.08"]
[Round "2.6"]
[White "Gierse, Heinz-Dieter"]
[Black "Helmert, Jochen"]
[Result "1/2-1/2"]
[WhiteElo "1945"]
[BlackElo "1875"]
[PlyCount "63"]
[EventDate "2017.??.??"]

1. Nf3 d5 2. g3 Bg4 3. Bg2 Nd7 4. h3 Bxf3 5. Bxf3 Ngf6 6. d3 c6 7. Nd2 e5 8.
O-O Bc5 9. c4 O-O 10. Rb1 a5 11. b3 Qc7 12. Bg2 e4 13. e3 exd3 14. Nf3 Ne4 15.
Qxd3 Ndf6 16. Bb2 Rfe8 17. Bd4 Bd6 18. Bxf6 Nxf6 19. cxd5 Nxd5 20. Rbd1 Rad8
21. Nd4 Nf6 22. Qc2 Qb6 23. Nf5 Qc5 24. Qxc5 Bxc5 25. Bf3 g6 26. Nh6+ Kg7 27.
Ng4 Nxg4 28. Bxg4 Kf6 29. Kg2 h6 30. h4 Ke7 31. h5 g5 32. Rxd8 1/2-1/2

[Event "SV Bottrop 1 - SV Bönen 1"]
[Site "Verbandsliga, Gruppe 1 2017/2"]
[Date "2017.10.08"]
[Round "2.7"]
[White "Schuetz, Ralf"]
[Black "Franck, Rudolf"]
[Result "1/2-1/2"]
[WhiteElo "1813"]
[BlackElo "1968"]
[PlyCount "49"]
[EventDate "2017.??.??"]

1. c4 Nf6 2. Nc3 e5 3. e3 c5 4. Nf3 Nc6 5. d3 h6 6. Be2 Be7 7. Nd5 Bd6 8. O-O
O-O 9. Nxf6+ Qxf6 10. Nd2 Qe7 11. Ne4 Bc7 12. g4 d6 13. Ng3 Qh4 14. e4 Nd4 15.
f3 g6 16. Qd2 Kh7 17. Bd1 f5 18. Rf2 fxg4 19. fxg4 Be6 20. Nf1 Ba5 21. Qe3
Qxf2+ 22. Qxf2 Rxf2 23. Kxf2 Rf8+ 24. Kg2 Bd7 25. h3 1/2-1/2

[Event "SV Bottrop 1 - SV Bönen 1"]
[Site "Verbandsliga, Gruppe 1 2017/2"]
[Date "2017.10.08"]
[Round "2.8"]
[White "Jaeger, Heinz"]
[Black "Medger, Gernot"]
[Result "1-0"]
[WhiteElo "1951"]
[BlackElo "1805"]
[PlyCount "41"]
[EventDate "2017.??.??"]

1. d4 d6 2. Nf3 Nf6 3. Bg5 Nbd7 4. Nbd2 h6 5. Bh4 c6 6. c3 Qc7 7. e4 e5 8. Bd3
Be7 9. O-O g5 10. Bg3 Nh5 11. Nxe5 Nxg3 12. Nxf7 Ne2+ 13. Qxe2 Kxf7 14. Qh5+
Kg7 15. e5 Nf8 16. f4 Bd8 17. Nc4 Qf7 18. Qxf7+ Kxf7 19. Nxd6+ Kg7 20. fxg5
hxg5 21. Nf7 1-0

[Event "SV Mülheim-Nord 4 - SV Eichlinghofen 1"]
[Site "Verbandsliga, Gruppe 1 2017/2"]
[Date "2017.10.08"]
[Round "2.1"]
[White "Watzlawek, Markus"]
[Black "Richters, Marc"]
[Result "1-0"]
[WhiteElo "2073"]
[BlackElo "1911"]
[PlyCount "25"]
[EventDate "2017.??.??"]

1. d4 Nf6 2. c4 d6 3. Nc3 g6 4. e4 Bg7 5. f3 c6 6. Be3 O-O 7. Nge2 e5 8. Qd2
exd4 9. Nxd4 d5 10. cxd5 cxd5 11. e5 Nfd7 12. f4 f6 13. Ne6 1-0

[Event "SV Mülheim-Nord 4 - SV Eichlinghofen 1"]
[Site "Verbandsliga, Gruppe 1 2017/2"]
[Date "2017.10.08"]
[Round "2.2"]
[White "Sokalskaja, Elena"]
[Black "Schuette, Tobias"]
[Result "0-1"]
[WhiteElo "1959"]
[BlackElo "2016"]
[PlyCount "54"]
[EventDate "2017.??.??"]

1. d4 Nf6 2. Nf3 c5 3. g3 Na6 4. Bg2 g6 5. O-O Bg7 6. c4 O-O 7. Nc3 d6 8. d5
Bd7 9. Re1 Nc7 10. Qd3 Rb8 11. e4 b5 12. Nd2 Ng4 13. h3 Ne5 14. Qe2 bxc4 15.
Nxc4 Nxc4 16. Qxc4 Nb5 17. a4 Nd4 18. Rb1 Rb4 19. Qa2 Qc8 20. Kh2 Bxh3 21. Rf1
Nf3+ 22. Kh1 Qg4 23. Ne2 Bxg2+ 24. Kxg2 Qxe4 25. Nf4 g5 26. Qa3 Ne1+ 27. Kh2
gxf4 0-1

[Event "SV Mülheim-Nord 4 - SV Eichlinghofen 1"]
[Site "Verbandsliga, Gruppe 1 2017/2"]
[Date "2017.10.08"]
[Round "2.3"]
[White "Kropp, Andreas"]
[Black "Schmidt, Kevin"]
[Result "1-0"]
[WhiteElo "1931"]
[BlackElo "1890"]
[PlyCount "73"]
[EventDate "2017.??.??"]

1. d4 d5 2. Nf3 Nf6 3. c4 e6 4. Nc3 Be7 5. Bf4 O-O 6. cxd5 exd5 7. Qc2 c6 8. e3
Nbd7 9. Bd3 Re8 10. g4 Nf8 11. h3 Bb4 12. Bg5 Ne6 13. Bxh7+ Kf8 14. Bh4 Be7 15.
Bd3 b5 16. Ne5 Qb6 17. Bg3 a5 18. Ne2 c5 19. dxc5 Bxc5 20. O-O Bb7 21. Bf5 Ng5
22. h4 Nge4 23. Bxe4 Rxe5 24. Bxe5 Nxe4 25. Qd3 Re8 26. Bd4 Qe6 27. Bxc5+ Kg8
28. f3 Nxc5 29. Qd4 Qxe3+ 30. Qxe3 Rxe3 31. Kf2 Re8 32. Rfd1 b4 33. Rac1 Ba6
34. Nf4 b3 35. Rxc5 bxa2 36. Ra1 Bc4 37. Rxc4 1-0

[Event "SV Mülheim-Nord 4 - SV Eichlinghofen 1"]
[Site "Verbandsliga, Gruppe 1 2017/2"]
[Date "2017.10.08"]
[Round "2.4"]
[White "Kremer, Moritz"]
[Black "Dreier, Daniel"]
[Result "1-0"]
[WhiteElo "1857"]
[BlackElo "1958"]
[PlyCount "49"]
[EventDate "2017.??.??"]

1. Nf3 Nf6 2. g3 d5 3. Bg2 Bf5 4. c4 c6 5. Qb3 Qc8 6. cxd5 cxd5 7. Nc3 e6 8. d3
Nc6 9. O-O Bd6 10. Bg5 Nd7 11. Nb5 Qb8 12. Nxd6+ Qxd6 13. Qxb7 Rb8 14. Qa6 f6
15. Be3 e5 16. Rfc1 Nb6 17. Bc5 Qd7 18. Rc2 e4 19. Nh4 Bh3 20. dxe4 Bxg2 21.
Nxg2 g5 22. Rac1 Ne5 23. Bxb6 Qh3 24. Qxa7 Ng4 25. Rc8+ 1-0

[Event "SV Mülheim-Nord 4 - SV Eichlinghofen 1"]
[Site "Verbandsliga, Gruppe 1 2017/2"]
[Date "2017.10.08"]
[Round "2.5"]
[White "Wloka, Sebastian"]
[Black "Schuermann, Jan"]
[Result "1/2-1/2"]
[WhiteElo "1891"]
[BlackElo "1784"]
[PlyCount "35"]
[EventDate "2017.??.??"]

1. d4 d5 2. c4 c6 3. e3 Nf6 4. Nc3 e6 5. Nf3 Nbd7 6. Qc2 Be7 7. b3 O-O 8. Bd3
b6 9. Bb2 Bb7 10. O-O Rc8 11. Rad1 Qc7 12. Rfe1 Rfd8 13. e4 dxe4 14. Nxe4 h6
15. Nc3 Bd6 16. Qe2 c5 17. h3 a6 18. Ne4 1/2-1/2

[Event "SV Mülheim-Nord 4 - SV Eichlinghofen 1"]
[Site "Verbandsliga, Gruppe 1 2017/2"]
[Date "2017.10.08"]
[Round "2.6"]
[White "Bartelt, Max Peter"]
[Black "Brockmann, Michael"]
[Result "0-1"]
[WhiteElo "1822"]
[BlackElo "1961"]
[PlyCount "76"]
[EventDate "2017.??.??"]

1. d4 d5 2. Nf3 Nf6 3. g3 e6 4. Bg2 c5 5. O-O Nc6 6. e3 Bd6 7. dxc5 Bxc5 8. b3
O-O 9. Bb2 Qc7 10. Nc3 Rd8 11. Qe2 a6 12. a3 b5 13. b4 Be7 14. Rfd1 Bb7 15. Rd2
Ne8 16. Nd4 Ne5 17. Rdd1 Nc4 18. Bc1 Bf6 19. Qd3 Kh8 20. Rb1 Ned6 21. Rb3 Rd7
22. Bh3 Re7 23. a4 Qb6 24. Bb2 e5 25. Nf5 Nxf5 26. Bxf5 d4 27. a5 Qc7 28. Ne4
Qc6 29. exd4 exd4 30. Bxd4 Rd8 31. c3 Rxe4 32. Bxe4 Qxe4 33. Qxe4 Bxe4 34. Rc1
Bxd4 35. cxd4 Rxd4 36. Re3 g6 37. Ree1 Nd2 38. Re3 Rxb4 0-1

[Event "SV Mülheim-Nord 4 - SV Eichlinghofen 1"]
[Site "Verbandsliga, Gruppe 1 2017/2"]
[Date "2017.10.08"]
[Round "2.7"]
[White "Dekhtyaryuk, Dimitri"]
[Black "Oltmanns, Jan"]
[Result "1/2-1/2"]
[WhiteElo "1858"]
[BlackElo "1695"]
[PlyCount "126"]
[EventDate "2017.??.??"]

1. d4 Nf6 2. Nf3 g6 3. Bg5 Bg7 4. e3 O-O 5. Bd3 d6 6. Nbd2 c5 7. c3 cxd4 8.
cxd4 h6 9. Bh4 Nc6 10. a3 g5 11. Bg3 e5 12. dxe5 dxe5 13. Bb1 e4 14. Ne5 Qe7
15. Nxc6 bxc6 16. Qc2 Ba6 17. Nc4 Bxc4 18. Qxc4 Nh5 19. Ra2 Rfe8 20. O-O Nxg3
21. fxg3 Qe6 22. Qe2 Qb3 23. Qc2 Qxe3+ 24. Kh1 c5 25. Qc4 Kh8 26. b3 Qd4 27.
Qc2 Rad8 28. h3 Qd3 29. Qc1 Qxb3 30. Raf2 e3 31. Ba2 Rd1 32. Rxd1 Qxd1+ 33.
Qxd1 exf2 34. Kh2 Re1 35. Qd8+ Kh7 36. Bc4 Bd4 37. Qc8 f1=Q 38. Bxf1 Rxf1 39.
h4 Kg7 40. hxg5 hxg5 41. Kh3 Re1 42. Qf5 Re5 43. Qd7 a6 44. Qa7 Re6 45. Kg4 Kg6
46. Kh3 f5 47. g4 f4 48. Qd7 Kf6 49. Qd8+ Re7 50. Qf8+ Ke6 51. Qf5+ Kd6 52. Kh2
Kc6 53. Qc8+ Kb5 54. Qg8 Ka4 55. Qc4+ Kxa3 56. Qxa6+ Kb4 57. Qb6+ Kc3 58. Qa5+
Kd3 59. Qa3+ Bc3 60. Qa6+ Ke3 61. Kg1 Bd4 62. Kf1 Kd2 63. Qa2+ Kc3 1/2-1/2

[Event "SV Mülheim-Nord 4 - SV Eichlinghofen 1"]
[Site "Verbandsliga, Gruppe 1 2017/2"]
[Date "2017.10.08"]
[Round "2.8"]
[White "Oetelshofen, Joel"]
[Black "Gitschel, Ralf"]
[Result "0-1"]
[WhiteElo "1094"]
[BlackElo "1855"]
[PlyCount "27"]
[EventDate "2017.??.??"]

1. e4 c5 2. Nf3 Nc6 3. Nc3 g6 4. Bc4 Bg7 5. Bxf7+ Kxf7 6. Ng5+ Ke8 7. Qf3 Nf6
8. O-O d6 9. h3 h6 10. e5 Nxe5 11. Qf4 hxg5 12. Qxg5 Bh6 13. Qg3 Nh5 14. Qh2
0-1

[Event "SF Essen-Katernberg  3 - Sport Union An"]
[Site "Verbandsliga, Gruppe 1 2017/2"]
[Date "2017.10.08"]
[Round "2.1"]
[White "Mainka, Gregor"]
[Black "Villwock, Martin"]
[Result "1-0"]
[WhiteElo "2183"]
[BlackElo "2075"]
[PlyCount "95"]
[EventDate "2017.??.??"]

1. Nf3 c5 2. c4 Nc6 3. Nc3 g6 4. e3 Bg7 5. d4 d6 6. h3 Bf5 7. Be2 Nf6 8. O-O
O-O 9. d5 Nb4 10. a3 Na6 11. Ng5 Nc7 12. e4 Bd7 13. Be3 Rb8 14. a4 a6 15. a5 b5
16. axb6 Rxb6 17. Ra2 Qb8 18. Qd2 Qb7 19. e5 Nfe8 20. exd6 exd6 21. Nge4 f5 22.
Nxc5 dxc5 23. Bxc5 Nf6 24. Bxb6 Qxb6 25. Bf3 Rd8 26. Rb1 Qb3 27. Qf4 Nfe8 28.
Ra3 Qb4 29. Na2 Qd6 30. Qd2 Ne6 31. b4 Nd4 32. Bd1 Nc7 33. Rd3 Qf6 34. Nc3 Re8
35. Ne2 Nxe2+ 36. Bxe2 f4 37. Re1 Bf5 38. Ra3 Re4 39. Bf3 Rd4 40. Qa2 Kh8 41.
c5 Rxb4 42. d6 Ne6 43. Rxa6 Nxc5 44. Ra8+ Bf8 45. Rxf8+ Qxf8 46. Qa1+ Kg8 47.
Bd5+ Ne6 48. Rxe6 1-0

[Event "SF Essen-Katernberg  3 - Sport Union An"]
[Site "Verbandsliga, Gruppe 1 2017/2"]
[Date "2017.10.08"]
[Round "2.2"]
[White "Stratmann, Holger"]
[Black "Reinoehl, Christian"]
[Result "1-0"]
[WhiteElo "1997"]
[BlackElo "2088"]
[PlyCount "45"]
[EventDate "2017.??.??"]

1. e4 e5 2. Nf3 Nc6 3. Bb5 a6 4. Bxc6 dxc6 5. O-O Qd6 6. Na3 b5 7. c3 c5 8. Nc2
Ne7 9. a4 b4 10. d4 cxd4 11. cxd4 exd4 12. e5 Qg6 13. Ncxd4 Bb7 14. Qe2 Nf5 15.
e6 Nxd4 16. exf7+ Kd7 17. Rd1 Bxf3 18. Rxd4+ Bd6 19. Qxf3 Rhf8 20. Bf4 Qxf7 21.
Bxd6 cxd6 22. Qb7+ Ke6 23. Re1+ 1-0

[Event "SF Essen-Katernberg  3 - Sport Union An"]
[Site "Verbandsliga, Gruppe 1 2017/2"]
[Date "2017.10.08"]
[Round "2.3"]
[White "Wicht, Juergen"]
[Black "Kudelka, Josua"]
[Result "1-0"]
[WhiteElo "2051"]
[BlackElo "1906"]
[PlyCount "61"]
[EventDate "2017.??.??"]

1. d4 Nf6 2. c4 e6 3. Nf3 d5 4. Bg5 dxc4 5. e3 Bb4+ 6. Nc3 c5 7. a3 Bxc3+ 8.
bxc3 cxd4 9. exd4 Qa5 10. Bxf6 Qxc3+ 11. Nd2 gxf6 12. Rc1 Qxa3 13. Bxc4 Bd7 14.
O-O f5 15. d5 Qe7 16. Qh5 e5 17. Rfe1 Kd8 18. Nf3 e4 19. Qh6 f6 20. Nd4 Na6 21.
Ne6+ Bxe6 22. dxe6 Nc5 23. Red1+ Kc8 24. Bd5 Rd8 25. Rxc5+ Qxc5 26. Rc1 Qc7 27.
Rxc7+ Kxc7 28. Qg7+ Kd6 29. Qxb7 Ke5 30. f4+ exf3 31. e7 1-0

[Event "SF Essen-Katernberg  3 - Sport Union An"]
[Site "Verbandsliga, Gruppe 1 2017/2"]
[Date "2017.10.08"]
[Round "2.4"]
[White "Riesenbeck, Juergen"]
[Black "Herrmann, Uwe"]
[Result "1-0"]
[WhiteElo "2003"]
[BlackElo "1923"]
[PlyCount "71"]
[EventDate "2017.??.??"]

1. Nf3 d5 2. d4 Nf6 3. c4 c6 4. cxd5 cxd5 5. Nc3 Nc6 6. g3 h6 7. Bg2 e6 8. O-O
Bd6 9. Re1 O-O 10. e4 dxe4 11. Nxe4 Nxe4 12. Rxe4 Qf6 13. Qe2 Rd8 14. Ne5 Bxe5
15. dxe5 Qf5 16. f4 Bd7 17. Be3 Rac8 18. Rc4 Be8 19. Be4 Qh3 20. Bg2 Qf5 21.
Be4 Qh3 22. Rac1 h5 23. b4 g6 24. b5 Ne7 25. Rxc8 Nxc8 26. Bxb7 Nb6 27. Bxb6
axb6 28. Bg2 Qf5 29. Be4 Bxb5 30. Qe3 Qg4 31. Bf3 Qf5 32. Qxb6 Rd2 33. Qxb5 Qh3
34. Be2 h4 35. Qe8+ Kg7 36. Rc8 1-0

[Event "SF Essen-Katernberg  3 - Sport Union An"]
[Site "Verbandsliga, Gruppe 1 2017/2"]
[Date "2017.10.08"]
[Round "2.5"]
[White "Sondermann, Dirk"]
[Black "Mueller-Clostermann, Bruno"]
[Result "0-1"]
[WhiteElo "1803"]
[BlackElo "2013"]
[PlyCount "82"]
[EventDate "2017.??.??"]

1. d4 d6 2. Nf3 Bg4 3. e3 Nf6 4. c4 Nbd7 5. Nc3 e5 6. Be2 Be7 7. O-O O-O 8. Qc2
c6 9. Rd1 Qc7 10. b3 Rfe8 11. Bb2 Bf8 12. dxe5 dxe5 13. Ne4 Nxe4 14. Qxe4 f5
15. Qc2 e4 16. Nd4 Bxe2 17. Qxe2 g6 18. Bc3 Ne5 19. h3 Rad8 20. Rd2 Bg7 21. Qd1
Qe7 22. Ne2 Rxd2 23. Qxd2 Rd8 24. Qc2 Qd7 25. Bxe5 Bxe5 26. Rc1 Qd2 27. g3 Bb2
28. Qxd2 Rxd2 29. Re1 Ba3 30. Nf4 Kf7 31. Ra1 g5 32. Nh5 Bb2 33. Rb1 Be5 34. a4
Kg6 35. g4 f4 36. exf4 gxf4 37. Re1 e3 38. fxe3 fxe3 39. Kf1 Rf2+ 40. Kg1 Bh2+
41. Kh1 e2 0-1

[Event "SF Essen-Katernberg  3 - Sport Union An"]
[Site "Verbandsliga, Gruppe 1 2017/2"]
[Date "2017.10.08"]
[Round "2.6"]
[White "Sauer, Bernd"]
[Black "Hartung, Thomas"]
[Result "1/2-1/2"]
[WhiteElo "1898"]
[BlackElo "1898"]
[Annotator "Daniel"]
[PlyCount "125"]
[EventDate "2017.??.??"]

1. d4 Nf6 2. c4 c5 3. d5 b5 4. cxb5 a6 5. bxa6 Bxa6 6. Nc3 g6 7. e4 Bxf1 8.
Kxf1 d6 9. g3 Bg7 10. Kg2 O-O 11. h3 Nbd7 12. Nf3 Qa5 13. Re1 Rfb8 14. Re2 Qb4
15. Qc2 Nb6 16. Rb1 Nc4 17. Nd2 Nd7 18. Nxc4 Qxc4 19. Ra1 Nb6 20. Bg5 Rb7 21.
Rc1 Bxc3 22. bxc3 Nxd5 23. exd5 Qxd5+ 24. Qe4 Qxe4+ 25. Rxe4 f6 26. Bd2 Rxa2
27. Be1 Kf7 28. Rd1 Rbb2 $11 29. Re3 Kf8 30. Red3 Re2 31. Kf1 Re4 32. R3d2 Ra7
33. Rb2 h5 34. f3 Rea4 35. Rdb1 Kf7 36. Rb7 Rxb7 37. Rxb7 Ra2 38. Rb1 Ke6 39.
Rd1 Kf7 40. Rd2 Ra1 41. Ke2 Ke6 42. Rd1 Ra2+ 43. Bd2 Kf7 44. Kd3 Ra4 45. h4 Ra2
46. Kc4 Ke6 47. Kb3 Ra8 48. c4 Ra7 49. Bc3 Ra8 50. Re1+ Kf7 51. Ra1 Rb8+ 52.
Kc2 Rb7 53. Ra5 Ke6 54. Kd3 Rb1 55. Ra1 Rb7 56. Re1+ Kf7 57. Ra1 Ke6 58. g4
hxg4 59. fxg4 f5 60. g5 Kf7 61. Ra8 e5 62. Rh8 Rb1 63. Bd2 1/2-1/2

[Event "SF Essen-Katernberg  3 - Sport Union An"]
[Site "Verbandsliga, Gruppe 1 2017/2"]
[Date "2017.10.08"]
[Round "2.7"]
[White "Al Ali, Mohammad"]
[Black "Armbruester, Juergen"]
[Result "1/2-1/2"]
[WhiteElo "1777"]
[BlackElo "1811"]
[PlyCount "57"]
[EventDate "2017.??.??"]

1. c4 Nf6 2. d4 g6 3. Nc3 d5 4. Bf4 Bg7 5. Nf3 c6 6. e3 O-O 7. Be2 Nbd7 8. O-O
dxc4 9. Bxc4 Nb6 10. Bb3 Nbd5 11. Nxd5 Nxd5 12. Bg3 Bg4 13. h3 Bxf3 14. Qxf3 e6
15. Rad1 Qb6 16. e4 Nf6 17. Bd6 Rfe8 18. Be5 Nh5 19. Bxg7 Nxg7 20. d5 cxd5 21.
exd5 Rad8 22. Rfe1 exd5 23. Rxe8+ Rxe8 24. Bxd5 Ne6 25. Bxe6 Qxe6 26. Qxb7 Qxa2
27. b4 a6 28. Qb6 Qc4 29. Rd8 1/2-1/2

[Event "SF Essen-Katernberg  3 - Sport Union An"]
[Site "Verbandsliga, Gruppe 1 2017/2"]
[Date "2017.10.08"]
[Round "2.8"]
[White "Dette, Tim"]
[Black "Lauer, Boris"]
[Result "1/2-1/2"]
[WhiteElo "1815"]
[BlackElo "1830"]
[PlyCount "31"]
[EventDate "2017.??.??"]

1. e4 e6 2. d4 d5 3. exd5 exd5 4. Nf3 Nf6 5. Bd3 Bd6 6. O-O O-O 7. Re1 Bg4 8.
Bg5 Bxf3 9. Qxf3 Nbd7 10. Bf4 Bxf4 11. Qxf4 c6 12. Nd2 Qa5 13. Nb3 Qb6 14. c3
Rae8 15. h3 g6 16. Rad1 1/2-1/2

[Event "SV Hamm 1 - SC Gerthe - Werne 1"]
[Site "Verbandsliga, Gruppe 2 2017/2"]
[Date "2017.10.08"]
[Round "2.1"]
[White "Quast, Marcel"]
[Black "Spyrou, Emmanouil"]
[Result "1-0"]
[WhiteElo "2205"]
[BlackElo "2194"]
[Annotator "Daniel"]
[PlyCount "59"]
[EventDate "2017.??.??"]

1. e4 c5 2. Nc3 Nc6 3. f4 g6 4. Nf3 Bg7 5. Bb5 d6 6. Bxc6+ bxc6 7. d3 Nf6 8.
O-O O-O 9. Qe1 Ne8 10. b3 Nc7 11. Bd2 Nb5 12. a4 Nd4 13. Nxd4 cxd4 $11 14. Ne2
e6 15. Ng3 f5 16. Ba5 Qd7 17. e5 c5 18. exd6 Qxd6 19. Rf2 Bb7 20. Nf1 e5 21.
Nd2 exf4 22. Nc4 Qd5 23. Qf1 g5 24. Re1 Rae8 25. Rfe2 Rxe2 26. Qxe2 Kh8 27. Rf1
Bc6 28. Rf2 Re8 29. Qh5 Re1+ 30. Bxe1 1-0

[Event "SV Hamm 1 - SC Gerthe - Werne 1"]
[Site "Verbandsliga, Gruppe 2 2017/2"]
[Date "2017.10.08"]
[Round "2.3"]
[White "Berens, Thomas"]
[Black "Schlaap, Ralf"]
[Result "1/2-1/2"]
[WhiteElo "1901"]
[BlackElo "2072"]
[PlyCount "127"]
[EventDate "2017.??.??"]

1. c4 Nf6 2. Nc3 c5 3. Nf3 g6 4. g3 Bg7 5. Bg2 O-O 6. O-O Nc6 7. Rb1 d5 8. cxd5
Nxd5 9. a3 e6 10. Nxd5 exd5 11. b4 Qb6 12. b5 Ne7 13. Bb2 d4 14. Qc2 Bf5 15. d3
Rac8 16. Nd2 Rfd8 17. Nc4 Qc7 18. b6 axb6 19. Bc1 Nc6 20. Nxb6 Nb4 21. axb4
Qxb6 22. bxc5 Rxc5 23. Rxb6 Rxc2 24. Bf3 Bc8 25. Bg5 Re8 26. Rc1 Ra2 27. h4 Ra5
28. Rc2 Ra1+ 29. Kg2 Re1 30. Bxb7 Bg4 31. Bf3 Be6 32. Bf4 h5 33. Rb8 Rxb8 34.
Bxb8 Ra1 35. Bf4 Ra3 36. Rb2 Rc3 37. Rb5 Ra3 38. Be5 Ra4 39. Bxg7 Kxg7 40. Bd5
Kf6 41. Bxe6 Kxe6 42. Kf3 Ra6 43. e3 dxe3 44. fxe3 Rd6 45. d4 Ra6 46. Kf4 Rd6
47. Rc5 Rd7 48. Ke4 f6 49. Rc6+ Ke7 50. d5 Ra7 51. Kd4 Ra4+ 52. Rc4 Ra3 53. Ke4
Kd6 54. Rc6+ Ke7 55. Kf4 Ra4+ 56. e4 Rd4 57. Rc7+ Kf8 58. Ke3 Rd1 59. Rd7 Rg1
60. Kf2 Rd1 61. d6 Rd3 62. Rd8+ Kf7 63. Rd7+ Kf8 64. Rd8+ 1/2-1/2

[Event "SV Hamm 1 - SC Gerthe - Werne 1"]
[Site "Verbandsliga, Gruppe 2 2017/2"]
[Date "2017.10.08"]
[Round "2.4"]
[White "Dukic, Dalibor"]
[Black "Gottmann, Bernd"]
[Result "1-0"]
[WhiteElo "2040"]
[BlackElo "1912"]
[PlyCount "53"]
[EventDate "2017.??.??"]

1. c4 g6 2. Nf3 Bg7 3. Nc3 c5 4. d4 cxd4 5. Nxd4 Nc6 6. Nc2 Bxc3+ 7. bxc3 Nf6
8. f3 Qa5 9. Bd2 d6 10. e4 b6 11. Ne3 e6 12. Be2 Bd7 13. O-O O-O 14. Be1 Qa3
15. Qd2 Rfc8 16. Bh4 Ne8 17. Ng4 Qc5+ 18. Kh1 h5 19. Nf6+ Nxf6 20. Bxf6 Kh7 21.
f4 Na5 22. Rf3 Nxc4 23. Qe1 e5 24. f5 d5 25. Qh4 Rc6 26. Rh3 Qd6 27. Qxh5+ 1-0

[Event "SV Hamm 1 - SC Gerthe - Werne 1"]
[Site "Verbandsliga, Gruppe 2 2017/2"]
[Date "2017.10.08"]
[Round "2.5"]
[White "Loeffelbein, Klaus"]
[Black "Hufelschulte, Norbert"]
[Result "0-1"]
[WhiteElo "1855"]
[BlackElo "2021"]
[PlyCount "60"]
[EventDate "2017.??.??"]

1. d4 Nf6 2. c4 g6 3. Nc3 d5 4. cxd5 Nxd5 5. Nf3 Bg7 6. e4 Nxc3 7. bxc3 O-O 8.
Bc4 c5 9. Rb1 Nc6 10. Be3 Qc7 11. Qc1 Na5 12. Bf4 Qd8 13. Be2 Bg4 14. d5 e6 15.
O-O exd5 16. exd5 Qxd5 17. h3 Bf5 18. Rb5 b6 19. Nh4 Rad8 20. c4 Qe6 21. Re1
Qc8 22. Nxf5 Qxf5 23. Bg4 Qd3 24. Be2 Qc3 25. Qb1 Rfe8 26. Rc1 Qd4 27. Be3 Rxe3
28. Rd1 Rxe2 29. Rxd4 Rxd4 30. g3 Rdd2 0-1

[Event "SV Hamm 1 - SC Gerthe - Werne 1"]
[Site "Verbandsliga, Gruppe 2 2017/2"]
[Date "2017.10.08"]
[Round "2.6"]
[White "Sievert, Jan-Thorwald"]
[Black "Melmer, Felix"]
[Result "1/2-1/2"]
[WhiteElo "1985"]
[BlackElo "1867"]
[PlyCount "104"]
[EventDate "2017.??.??"]

1. d4 f5 2. c4 Nf6 3. Nc3 e6 4. Nf3 d5 5. g3 c6 6. Bg2 Bd6 7. O-O O-O 8. b3
Nbd7 9. Qc2 Ne4 10. e3 Ndf6 11. Bb2 Bd7 12. Nd2 Be8 13. f3 Nxd2 14. Qxd2 Bg6
15. Qe2 Bb4 16. a3 Bxc3 17. Bxc3 Nh5 18. b4 Rc8 19. c5 Nf6 20. Bb2 Qe7 21. Rfc1
Bh5 22. b5 g5 23. a4 g4 24. f4 Be8 25. Bc3 h5 26. Be1 Bd7 27. Rab1 Qe8 28. Qb2
Rf7 29. Qb4 Ra8 30. Bf1 Bc8 31. bxc6 bxc6 32. Qa5 Nd7 33. Rb2 a6 34. Rcb1 Kg7
35. Qc7 Nf6 36. Qd6 Qd7 37. Rb6 Qxd6 38. cxd6 Ne4 39. Rxc6 Bd7 40. Rcb6 Bxa4
41. Ra1 Be8 42. Raxa6 Rxa6 43. Rxa6 Rb7 44. Bd3 Kf7 45. Ba5 Nf6 46. Bb6 Bd7 47.
Bf1 Ne4 48. Bc5 Rb1 49. Ra7 Ke8 50. Ra8+ Kf7 51. Ra7 Ke8 52. Ra8+ Kf7 1/2-1/2

[Event "SV Hamm 1 - SC Gerthe - Werne 1"]
[Site "Verbandsliga, Gruppe 2 2017/2"]
[Date "2017.10.08"]
[Round "2.7"]
[White "Meise, Ulrich"]
[Black "Bachmann, Rolf"]
[Result "1/2-1/2"]
[WhiteElo "1858"]
[BlackElo "1811"]
[PlyCount "77"]
[EventDate "2017.??.??"]

1. e4 Nf6 2. Nc3 d5 3. exd5 Nxd5 4. Bc4 c6 5. d4 Bf5 6. Nf3 e6 7. O-O Nd7 8.
Nxd5 cxd5 9. Bb5 a6 10. Bd3 Bxd3 11. Qxd3 Bd6 12. Re1 h6 13. Qb3 Nb6 14. c3 O-O
15. Ne5 Bxe5 16. Rxe5 Nc4 17. Rh5 Qd7 18. Qc2 f5 19. b3 Nd6 20. Ba3 Rfc8 21.
Bxd6 Qxd6 22. Qd2 Rc6 23. Re1 Rac8 24. Rh3 Qc7 25. Rc1 b5 26. Qe3 Qd6 27. f4 b4
28. Qd2 Kh7 29. Rf3 Rxc3 30. Rfxc3 Rxc3 31. Re1 Rc6 32. h3 g6 33. Re5 Kg7 34.
Qf2 a5 35. Qe2 Kf6 36. Qf2 Kg7 37. Qe2 Kf7 38. Qf2 Qd8 39. Re2 1/2-1/2

[Event "SC Mülheim 1 - SG Bochum 3"]
[Site "Verbandsliga, Gruppe 2 2017/2"]
[Date "2017.10.08"]
[Round "2.2"]
[White "Langschmidt, Dirk"]
[Black "Butschek, Marc"]
[Result "1-0"]
[WhiteElo "1976"]
[BlackElo "1974"]
[PlyCount "65"]
[EventDate "2017.??.??"]

1. e4 e6 2. d4 d5 3. Nc3 Nf6 4. e5 Ne4 5. Nxe4 dxe4 6. Be3 Nd7 7. Qg4 c5 8.
Qxe4 Qb6 9. O-O-O cxd4 10. Bxd4 Nc5 11. Qe3 Bd7 12. Ne2 Rc8 13. Nc3 Qa5 14. Bc4
b5 15. Bxc5 Bxc5 16. Qd3 O-O 17. Bxb5 Bxb5 18. Qxb5 Qc7 19. Qe2 Bb4 20. Nb5 Qa5
21. a3 Be7 22. Nd6 Bg5+ 23. Kb1 Rb8 24. Rd3 Qa6 25. Qf3 Rb6 26. Rhd1 Be7 27.
Rd4 f6 28. Qh3 f5 29. b4 Rfb8 30. Qb3 Kh8 31. R1d3 Bxd6 32. Rxd6 Rxd6 33. exd6
1-0